| 000 | 01013nam a2200301 4500 | ||
|---|---|---|---|
| 003 | EC-UNACH | ||
| 005 | 20251023124923.0 | ||
| 006 | s||||gr|||| 00| 00 | ||
| 008 | 150116t9999 mx r gr 000 0 spa d | ||
| 020 | _a978-9978-67-261-7 | ||
| 040 |
_aEC-UNACH _cEC-UNACH |
||
| 041 | _aspa | ||
| 082 | 0 | 4 |
_223 _a302.2 _bL017869 |
| 110 | _aCrearimagen | ||
| 245 | _aEn los márgenes el trabajo infantil como practica cultural | ||
| 250 | _aPrimera edición | ||
| 264 |
_aEcuador _bCrearimagen _c2010 |
||
| 300 | _a115 | ||
| 505 | _aCapitulo 1- el trabajo infantil en el Ecuador Capitulo 2- El trabajo infantil desde la mirada del estado Capitulo 3- Otros enfoques Capitulo 4- El centro panita . | ||
| 650 | _aTrabajo infantil | ||
| 650 | _aEl trabajo desde la mirada desde el estado | ||
| 650 | _aComunicación de la Flacso | ||
| 700 | _aMaría Belén Albornoz | ||
| 942 |
_2ddc _c1 |
||
| 999 | _c14074 | ||